Рыбное хозяйство. 1984, Вып.3: Товарное выращивание лососевых в морской воде (Запись № 4472129)

Подробности
000 -МАРКЕР
контрольное поле 01337nam2a22002531 4500
001 - ИДЕНТИФИКАТОР ЗАПИСИ
контрольное поле RU\NLR\INFOCOMM55\5000197721
005 - ИДЕНТИФИКАТОР ВЕРСИИ
контрольное поле 20250617011431.0
035 ## - ДРУГИЕ СИСТЕМНЫЕ НОМЕРА
Идентификатор записи (NLR Aleph) 002337350
100 ## - ДАННЫЕ ОБЩЕЙ ОБРАБОТКИ
Данные общей обработки 20050217d1984 |||y0rusy50 ca
101 0# - ЯЗЫК РЕСУРСА
Язык текста, звукозаписи и т.д. русский
102 ## - СТРАНА ПУБЛИКАЦИИ ИЛИ ПРОИЗВОДСТВА
Страна публикации российская федерация
105 ## - ПОЛЕ КОДИРОВАННЫХ ДАННЫХ: ТЕКСТОВЫЕ МАТЕРИАЛЫ, МОНОГРАФИЧЕСКИЕ
Кодированные данные о монографическом текстовом документе y ||||000|y
200 1# - ЗАГЛАВИЕ И СВЕДЕНИЯ ОБ ОТВЕТСТВЕННОСТИ
Основное заглавие Товарное выращивание лососевых в морской воде
Первые сведения об ответственности С.А. Владовская
210 ## - ПУБЛИКАЦИЯ, РАСПРОСТРАНЕНИЕ И ДР.
Дата издания, распространения и т.д. 1984
Место издания, распространения и т.д. Б. м.
461 #0 - УРОВЕНЬ НАБОРА
Встроенное поле 001RU\NLR\INFOCOMM55\5000197484
-- 2001#$aРыбное хозяйство$iСерия "Рыбохозяйственное использование ресурсов Мирового океана"$eОбзор. информ.$fЦНИИ информ. и техн.-экон. исслед. рыб. хоз-ва$v1984, Вып.3
Системный номер (АБИС) связанной записи 4471942
Место публикации М.
Дата публикации 1970-
Первые сведения об ответственности ЦНИИ информ. и техн.-экон. исслед. рыб. хоз-ва
Заглавие части Серия "Рыбохозяйственное использование ресурсов Мирового океана"
Сведения, относящиеся к заглавию Обзор. информ.
Заглавие Рыбное хозяйство
ISSN 0203-1078
Номер тома 1984, Вып.3
700 #1 - ИМЯ ЛИЦА - ПЕРВИЧНАЯ ОТВЕТСТВЕННОСТЬ
Начальный элемент ввода Владовская
Часть имени, кроме начального элемента ввода С.А.
Код отношения Автор
801 #1 - ИСТОЧНИК ЗАПИСИ
Страна российская федерация
Организация InfoComm
Дата составления 20050217
801 #0 - ИСТОЧНИК ЗАПИСИ
Страна российская федерация
Организация NLR
Правила каталогизации PSBO
852 ## - МЕСТОНАХОЖДЕНИЕ И ШИФР ХРАНЕНИЯ
Идентификатор организации NLR
Шифр хранения (Call Number) П13/1213
942 ## - ДОПОЛНИТЕЛЬНЫЕ ЭЛЕМЕНТЫ ЗАПИСИ (АБИС)
Тип экземпляра АБИС Выпуск
980 ## - КОЛЛЕКЦИЯ
Название коллекции Национальная библиография
980 ## - КОЛЛЕКЦИЯ
Название коллекции Русская периодика

Нет доступных экземпляров.